[Event "Tourn. n8425"]
[Site "www.chess-mail.com"]
[Date "2015.11.05"]
[Round "1"]
[White "Cathar"]
[Black "Gimmyg"]
[WhiteElo "2260"]
[BlackElo "2470"]
[Result "1/2-1/2"]
[Round "1"]
1.e4 Nb8c6
2.Ng1f3 f5
3.exf5 d5
4.Bf1b5 Bc8xf5
5.Nf3e5 Qd8d6
6.d4 Ng8f6
7.O-O Nf6d7
8.Bb5xc6 bxc6
9.Bc1f4 Nd7xe5
10.Bf4xe5 Qd6g6
11.c4 Bf5e4
12.f3 Be4d3
13.Rf1e1 Bd3xc4
14.Nb1c3 a5
15.Qd1a4 Kd7
16.b3 Bc4d3
17.Nc3xd5 Bd3b5
18.Nd5f4 Qg6c2
19.Qa4a3 e6
20.Qa3c1 Qc2xc1
21.Ra1xc1 Bf8b4
22.Re1d1 Bb4a3
23.Rc1c2 a4
24.Nf4d3 Bb5xd3
25.Rd1xd3 Rh8g8
26.f4 Ba3d6
27.h4 axb3
28.Rd3xb3 g6
29.Kf2 Ra8a6
30.Ke3 Bd6e7
31.Ke4 Rg8a8
32.Rb3b7 Be7d8
33.Rb7b2 Bd8xh4
34.g4 h6
35.Rc2h2 g5
36.f5 exf5
37.gxf5 Ra8f8
38.Rb2b7 Rf8c8
39.Kf3 h5
40.Ke4 c5
41.f6 cxd4
42.Kf5 Ra6a5
43.Rh2c2 Bh4g3
44.Rc2xc7 Rc8xc7
45.Rb7xc7 Kd8
46.f7 Ra5xe5
47.Kf6 Kxc7
48.f8Q h4
49.Qf8f7 Kb6
50.Qf7c4 Bg3f4
51.Qc4xd4 Ka5
{ draw }
1/2-1/2

[Event "Tourn. n8365"]
[Site "www.chess-mail.com"]
[Date "2015.11.05"]
[Round "1"]
[White "Jhw"]
[Black "Francesco"]
[WhiteElo "1880"]
[BlackElo "2000"]
[Result "0-1"]
[Round "1"]
1.Ng1f3 d5
2.d4 Bc8g4
3.e3 e6
4.Bf1e2 c5
5.Be2b5 Nb8d7
6.Nb1c3 a6
7.Bb5xd7 Qd8xd7
8.h3 Bg4h5
9.g4 Bh5g6
10.Nf3e5 Qd7c7
11.Ne5xg6 hxg6
12.dxc5 Bf8xc5
13.Bc1d2 Ng8e7
14.f4 b5
15.a3 Qc7b6
16.b4 Bc5xe3
17.Bd2xe3 Qb6xe3
18.Nc3e2 Rh8xh3
19.Rh1f1 Ra8c8
20.Ra1c1 Rh3g3
21.Rf1h1 Rg3xg4
22.c4 Rc8xc4
23.Rc1xc4 bxc4
24.Rh1h8 Kd7
25.Qd1a4 Ne7c6
26.Rh8h1 Rg4xf4
27.Qa4xa6 Qe3f2
28.Kd1 Rf4e4
29.Qa6b7 Kd6
30.Rh1e1 Qf2a7
31.Qb7c8 Qa7a4
32.Kd2 Qa4xa3
33.Qc8f8 Nc6e7
34.Qf8b8 Kc6
35.Qb8e8 Kd6
36.Qe8b8 Kc6
37.Qb8e8 Kd6
38.Qe8b8 Kc6
39.Qb8e8 Kb6
40.Qe8d8 Kb5
41.Ne2c3 Kc6
42.b5 Kb7
43.Qd8d7 Kb8
44.Re1xe4 dxe4
45.Qd7d4 Qa3b2
46.Ke1 Qb2c1
47.Kf2 Qc1f4
48.Ke2 Qf4f3
49.Kd2 Qf3d3
{ resign }
0-1

[Event "Tourn. n8348"]
[Site "www.chess-mail.com"]
[Date "2015.11.05"]
[Round "1"]
[White "Osopanda"]
[Black "Jhw"]
[WhiteElo "1970"]
[BlackElo "2039"]
[Result "0-1"]
[Round "1"]
1.c4 b6
2.e4 e5
3.Nb1c3 Ng8f6
4.d3 Bf8c5
5.Bc1e3 Bc5xe3
6.fxe3 d6
7.Bf1e2 h5
8.Ng1f3 Bc8d7
9.O-O Nf6g4
10.Qd1d2 c6
11.Ra1e1 b5
12.cxb5 cxb5
13.a3 a6
14.Nc3d5 Nb8c6
15.h3 Ng4h6
16.d4 Ra8b8
17.dxe5 dxe5
18.Re1c1 O-O
19.Rc1xc6 Bd7xc6
20.Nf3xe5 Rb8c8
21.Ne5xc6 Rc8xc6
22.Be2xh5 Rc6e6
23.Qd2b4 Rf8e8
24.Nd5c3 Qd8d3
25.e5 Re6xe5
26.Bh5f3 Qd3xe3
27.Kh1 Nh6f5
28.Nc3d5 Nf5g3
29.Kh2 Ng3xf1
30.Kh1 Nf1g3
31.Kh2 Re5xd5
32.Bf3xd5 Ng3f1
33.Kh1 Qe3g3
34.Kg1 Nf1e3
35.Bd5f3 Ne3c2
{ resign }
0-1

[Event "Tourn. n8459"]
[Site "www.chess-mail.com"]
[Date "2015.11.05"]
[Round "1"]
[White "Estonia"]
[Black "Norlavuaram"]
[WhiteElo "2090"]
[BlackElo "2260"]
[Result "0-1"]
[Round "1"]
1.d4 Ng8f6
2.c4 c5
3.d5 e6
4.Nb1c3 exd5
5.Nc3xd5 Nb8c6
6.Bc1g5 Bf8e7
7.Bg5xf6 Be7xf6
8.Nd5xf6 Qd8xf6
9.Ra1b1 O-O
10.Ng1f3 b6
11.e3 Rf8e8
12.Bf1d3 Bc8b7
13.O-O Ra8d8
14.a3 g6
15.Rf1e1 d5
16.Qd1e2 d4
17.Qe2f1 dxe3
18.Re1xe3 Nc6d4
19.Nf3xd4 Qf6xd4
20.Re3xe8 Rd8xe8
21.b4 Re8d8
22.Bd3e2 Qd4d6
23.bxc5 Qd6xc5
24.a4 Rd8d2
25.Be2g4 Qc5g5
26.Bg4h3 Bb7e4
27.Rb1b5 Qg5d8
28.Bh3g4 h5
29.Bg4f3 Be4xf3
30.gxf3 Rd2d1
31.Rb5b1 Rd1xf1
32.Rb1xf1 Qd8d3
{ resign }
0-1

[Event "Tourn. n8437"]
[Site "www.chess-mail.com"]
[Date "2015.11.05"]
[Round "1"]
[White "Cardiff"]
[Black "Neo"]
[WhiteElo "1800"]
[BlackElo "1790"]
[Result "0-1"]
[Round "1"]
1.d4 d5
2.c4 c6
3.cxd5 cxd5
4.Nb1c3 e6
5.Ng1f3 g6
6.h4 h5
7.Bc1f4 Bf8g7
8.e3 Ng8f6
9.Bf1b5 Bc8d7
10.Bb5xd7 Nb8xd7
11.Nf3e5 Nf6e4
12.Nc3xe4 dxe4
13.Qd1a4 O-O
14.Qa4xd7 Qd8a5
15.Ke2 Qa5a6
16.Ke1 b6
17.a4 Qa6a5
18.Ke2 Ra8c8
19.Qd7b5 Rc8c2
20.Kd1 Qa5d2
{ resign }
0-1

[Event "Tourn. n8454"]
[Site "www.chess-mail.com"]
[Date "2015.11.05"]
[Round "1"]
[White "Yangqi"]
[Black "Faerieking"]
[WhiteElo "2550"]
[BlackElo "2310"]
[Result "1-0"]
[Round "1"]
1.e4 d5
2.exd5 Ng8f6
3.Bf1b5 Nb8d7
4.Ng1f3 a6
5.Bb5e2 Nd7b6
6.d4 e6
7.dxe6 Bc8xe6
8.O-O Bf8d6
9.b3 Nb6d5
10.c4 Nd5f4
11.d5 Be6g4
12.Bc1xf4 Bd6xf4
13.Qd1d4 Bf4d6
14.c5 Bd6e7
15.Nb1c3 O-O
16.Ra1d1 Bg4xf3
17.Be2xf3 Nf6d7
18.d6 cxd6
19.Bf3xb7 Ra8b8
20.c6 { resign }
1-0

[Event "Tourn. n8474"]
[Site "www.chess-mail.com"]
[Date "2015.11.05"]
[Round "1"]
[White "Gmscalpel"]
[Black "Yangqi"]
[WhiteElo "2400"]
[BlackElo "2570"]
[Result "0-1"]
[Round "1"]
1.e4 e6
2.d4 d5
3.e5 c5
4.c3 Nb8c6
5.Ng1f3 Ng8h6
6.Bf1e2 Nh6f5
7.O-O cxd4
8.Be2d3 dxc3
9.Nb1xc3 Nf5h4
10.Nf3xh4 Qd8xh4
11.f4 Bf8c5
12.Kh1 Bc8d7
13.g4 g5
14.f5 Nc6xe5
15.fxe6 fxe6
16.Bd3f5 exf5
17.Qd1e2 Bc5d6
18.Nc3b5 Bd6b8
19.Nb5d4 h6
20.Nd4xf5 Qh4xg4
21.Qe2xg4 Ne5xg4
22.h3 Bd7b5
23.Bc1xg5 Bb5xf1
24.Nf5g7 Kd7
25.hxg4 hxg5
26.Kg1 Bf1e2
27.Ra1e1 Be2xg4
28.Re1e5 Bb8xe5
29.Kg2 Rh8h2
30.Kg1 Ra8c8
31.Ng7h5 Rc8c1
{ resign }
0-1

[Event "Match"]
[Site "www.echecsemail.com"]
[Date "2015.11.05"]
[Round "1"]
[White "Santifx"]
[Black "Daviko"]
[WhiteElo "1759"]
[BlackElo "1309"]
[Result "1-0"]
[Round "1"]
1.e4 e5
2.Ng1f3 d6
3.d4 Ng8f6
4.Bf1b5 Bc8d7
5.Nb1c3 a6
6.Bb5a4 b5
7.Ba4b3 c6
8.Nf3g5 d5
9.dxe5 Bd7g4
10.Qd1d3 Nf6xe4
11.Nc3xe4 Bf8b4
12.c3 dxe4
13.Qd3xd8 Kxd8
14.Ng5xf7 Kc8
15.Nf7xh8 Ra8a7
16.cxb4 Ra7d7
17.Nh8f7 { resign }
1-0

[Event "Match"]
[Site "www.echecsemail.com"]
[Date "2015.11.05"]
[Round "1"]
[White "Ranjachess"]
[Black "Rindrandria"]
[WhiteElo "1730"]
[BlackElo "1570"]
[Result "1-0"]
[Round "1"]
1.e4 e5
2.a3 c5
3.d3 c4
4.f4 exf4
5.Bc1xf4 g5
6.Bf4xb8 Qd8b6
7.Bb8e5 Bf8c5
8.d4 Qb6xb2
9.Be5xh8 Qb2xa1
10.Bf1xc4 Bc5xa3
11.Ng1h3 Ba3b4
12.Kf2 f6
13.Qd1h5 Kd8
14.Bc4xg8 Qa1xd4
15.Kf3 d5
16.Nh3xg5 dxe4
17.Ng5xe4 Bb4c5
18.Bh8xf6 Qd4xf6
19.Ne4xf6 Bc5e7
20.Rh1d1 Kc7
21.Qh5e5 Kb6
22.Qe5xe7 Bc8f5
23.Qe7d6 Ka5
24.Rd1d5 b5
25.Qd6c5 a6
26.Rd5d6 Bf5c8
27.Qc5a3 
1-0

[Event "Match"]
[Site "www.echecsemail.com"]
[Date "2015.11.05"]
[Round "1"]
[White "Emmanuel69"]
[Black "Carazo"]
[WhiteElo "1960"]
[BlackElo "1860"]
[Result "1-0"]
[Round "1"]
1.b3 e5
2.Bc1b2 Nb8c6
3.g3 Ng8f6
4.Bf1g2 Bf8c5
5.e3 d5
6.Ng1e2 Bc8e6
7.d3 Be6g4
8.h3 O-O
9.hxg4 Bc5b4
10.Nb1d2 a5
11.a3 Bb4c5
12.Ne2c3 e4
13.dxe4 Rf8e8
14.exd5 Nc6d4
15.O-O Nd4xb3
16.Nd2xb3 Bc5b6
17.d6 cxd6
18.Bg2xb7 Ra8b8
19.Bb7g2 Bb6c7
20.Nc3d5 a4
21.Nd5xf6 gxf6
22.Ra1b1 axb3
23.cxb3 Re8e6
24.Bg2d5 Re6e8
25.Qd1d4 Bc7b6
26.Qd4xf6 Kf8
27.Qf6g7 Ke7
28.Bb2f6 Kd7
29.Bf6xd8 Bb6xd8
30.Qg7xf7 Re8e7
31.Bd5e6 Kc6
32.Rf1c1 Kb7
33.Be6d5 Ka7
34.Qf7f3 Bd8b6
35.Rc1c3 Re7e8
36.Qf3f4 Re8e5
37.Qf4a4 Bb6a5
38.Qa4xa5 { resign }
1-0

[Event "Match"]
[Site "www.echecsemail.com"]
[Date "2015.11.05"]
[Round "1"]
[White "Ditto"]
[Black "Carazo"]
[WhiteElo "1820"]
[BlackElo "1599"]
[Result "0-1"]
[Round "1"]
1.e4 e5
2.Ng1f3 Nb8c6
3.Bf1c4 h6
4.d4 Qd8e7
5.O-O a6
6.Nb1c3 Ng8f6
7.b3 Qe7b4
8.Bc1d2 Qb4d6
9.d5 Nc6e7
10.Bd2e3 Ne7g6
11.Be3c1 b5
12.Bc4d3 Qd6c5
13.Bc1b2 d6
14.a3 Bc8g4
15.b4 Qc5b6
16.Bb2c1 Bf8e7
17.Bc1e3 Qb6b8
18.h3 Bg4xf3
19.Qd1xf3 Ng6h4
20.Qf3d1 Qb8b7
21.Bd3e2 c6
22.a4 cxd5
23.axb5 O-O
24.bxa6 Qb7xb4
25.Be3d2 Rf8c8
26.Nc3xd5 Qb4b7
27.Be2d3 Qb7a7
28.Bd2e3 Qa7d7
29.Ra1b1 Nf6xd5
30.exd5 Be7g5
31.Be3xg5 hxg5
32.Qd1h5 Kf8
33.Rb1b7 Rc8c7
34.Rb7xc7 Qd7xc7
35.Qh5xg5 Nh4g6
36.Qg5g3 Qc7a5
37.Qg3f3 Ng6h4
38.Qf3e4 Nh4g6
39.Qe4f3 Ng6e7
40.Qf3xf7 Kxf7
41.Bd3c4 Qa5c5
42.Bc4b3 Ra8xa6
43.Rf1e1 Ne7xd5
44.Re1d1 Kf6
45.Rd1xd5 Ra6a1
46.Kh2 Qc5xf2
47.Rd5xd6 Kg5
48.Rd6d5 Kf5
49.Rd5d8 Qf2g1
50.Kg3 Qg1e3
51.Kh2 Qe3g1
52.Kg3 Qg1h1
53.Rd8f8 Kg5
54.Rf8g8 g6
55.Bb3d5 Qh1e1
56.Kh2 Qe1h1
57.Kg3 Ra1a3
58.Bd5b3 Qh1e1
59.Kh2 Kh4
60.Rg8xg6 e4
61.Rg6g4 Kh5
62.Bb3f7 Kh6
63.Rg4g6 Kh7
64.Rg6g4 e3
65.Bf7g8 Kh8
66.Bg8b3 Ra3xb3
67.cxb3 e2
68.Rg4e4 Qe1f1
69.Re4e8 Kg7
70.b4 Qf1f4
{ resign }
0-1

[Event "Match"]
[Site "www.echecsemail.com"]
[Date "2015.11.05"]
[Round "1"]
[White "Geodad5"]
[Black "Goosebumps"]
[WhiteElo "2180"]
[BlackElo "2100"]
[Result "1/2-1/2"]
[Round "1"]
1.e4 c5
2.Ng1f3 Nb8c6
3.d4 cxd4
4.Nf3xd4 Ng8f6
5.Nb1c3 e5
6.Nd4b3 Bf8b4
7.Bf1d3 d5
8.exd5 Nf6xd5
9.Bc1d2 Bb4xc3
10.bxc3 Bc8e6
11.O-O Qd8f6
12.Nb3c5 Ra8b8
13.Nc5e4 Qf6e7
14.Rf1e1 O-O
15.c4 Nd5f6
16.Ne4xf6 Qe7xf6
17.Bd2c3 Rb8d8
18.Qd1h5 g6
19.Qh5h6 Be6f5
{ draw }
1/2-1/2

[Event "Match"]
[Site "www.echecsemail.com"]
[Date "2015.11.05"]
[Round "1"]
[White "Jhw"]
[Black "Chapi"]
[WhiteElo "1920"]
[BlackElo "2060"]
[Result "1-0"]
[Round "1"]
1.Ng1f3 c5
2.e3 Nb8c6
3.b3 d6
4.g3 Bc8g4
5.Bf1g2 Ng8f6
6.h3 Bg4f5
7.g4 Bf5e6
8.d4 cxd4
9.exd4 Be6d5
10.Bc1b2 Bd5e4
11.O-O Nc6b4
12.Nb1a3 Ra8c8
13.c4 d5
14.c5 b6
15.Qd1e2 Be4d3
16.Qe2e5 Bd3xf1
17.Bg2xf1 bxc5
18.dxc5 Nf6d7
19.Qe5g5 f6
20.Qg5h5 g6
21.Qh5h4 Rc8xc5
22.Ra1e1 e5
23.Nf3d4 Kf7
24.Nd4b5 Nb4c2
25.Na3xc2 Rc5xc2
26.Bb2c1 Bf8c5
27.Bc1e3 a6
28.Bf1d3 Rc2xa2
29.Nb5c3 Bc5b4
30.Nc3xa2 Bb4xe1
31.g5 f5
32.b4 d4
33.Bd3c4 Kf8
34.Qh4h6 Ke7
35.Qh6g7 Kd6
36.Be3xd4 exd4
37.Qg7xd4 Kc7
38.Qd4a7 Kc6
39.Qa7xa6 Nd7b6
40.Qa6b5 Kc7
41.Qb5e5 Kb7
42.Bc4b5 Nb6d7
43.Qe5d5 Kb8
44.Bb5xd7 Qd8b6
45.Qd5e5 Kb7
46.Qe5xe1 Qb6d8
47.Qe1d2 Kc7
48.Na2c3 Qd8xd7
49.Nc3d5 Kb7
50.Qd2d4 Rh8d8
51.Qd4b6 Ka8
52.Nd5c7 Qd7xc7
53.Qb6xc7 Rd8b8
54.Qc7c6 Rb8b7
55.b5 Ka7
56.Qc6a6 Kb8
57.b6 Rb7d7
58.Qa6e2 Kb7
59.Qe2e6 { resign }
1-0

[Event "Match"]
[Site "www.echecsemail.com"]
[Date "2015.11.05"]
[Round "1"]
[White "Amadeus"]
[Black "Ericleo1980"]
[WhiteElo "1499"]
[BlackElo "2360"]
[Result "1-0"]
[Round "1"]
1.d4 d5
2.c4 c6
3.Ng1f3 Ng8f6
4.Nb1c3 e6
5.e3 Nb8d7
6.Bf1d3 dxc4
7.Bd3xc4 b5
8.Bc4e2 Bc8b7
9.O-O a6
10.e4 c5
11.e5 Nf6d5
12.a4 b4
13.Nc3e4 Qd8c7
14.a5 cxd4
15.Qd1xd4 h6
16.Bc1d2 Ra8c8
17.Rf1c1 Qc7b8
18.Be2d1 Bb7c6
19.Rc1c4 Bc6b5
20.Rc4xc8 Qb8xc8
21.Ra1c1 Qc8b8
22.Bd1b3 Bb5e2
23.Bb3xd5 exd5
24.Qd4xd5 Be2xf3
25.e6 Nd7e5
26.exf7 Ne5xf7
27.Qd5e6 Kd8
28.gxf3 Nf7e5
29.Bd2f4 Ne5xf3
30.Kh1 Qb8a8
31.Bf4c7 { resign }
1-0

[Event "Match"]
[Site "www.echecsemail.com"]
[Date "2015.11.05"]
[Round "1"]
[White "Coraza"]
[Black "Cristiano"]
[WhiteElo "1680"]
[BlackElo "1990"]
[Result "0-1"]
[Round "1"]
1.e4 c5
2.Bf1c4 d6
3.Qd1f3 Ng8f6
4.Nb1c3 e6
5.Ng1e2 Bf8e7
6.Bc4b5 Bc8d7
7.e5 Nf6d5
8.Bb5xd7 Qd8xd7
9.Nc3xd5 exd5
10.Ne2f4 d4
11.b3 Nb8c6
12.Bc1b2 Nc6xe5
13.Qf3e4 f5
14.Qe4d5 Ra8b8
15.Nf4e6 Be7f6
16.O-O-O Qd7c6
17.Qd5xc6 bxc6
18.Ne6f4 O-O
19.h4 Rf8e8
20.Rh1h3 Ne5g4
21.Rh3f3 Bf6xh4
22.g3 Bh4g5
23.Nf4h3 Bg5f6
24.Rf3xf5 Re8e6
25.Nh3f4 Re6e5
26.Rf5xe5 dxe5
27.Nf4e2 Ng4xf2
28.Rd1f1 Nf2e4
29.a4 Bf6g5
30.Rf1d1 a5
31.g4 Rb8f8
32.Ne2g1 Rf8f2
33.Ng1h3 Bg5xd2
34.Kb1 Rf2h2
35.Nh3g1 Bd2c3
36.Ng1f3 Rh2e2
37.Nf3xe5 Ne4d2
38.Kc1 Re2xe5
39.Bb2a3 Nd2f3
40.b4 cxb4
41.Ba3b2 c5
42.Rd1d3 Re5e1
43.Rd3d1 Bc3d2
44.Kb1 Re1xd1
45.Ka2 Rd1g1
46.g5 Nf3xg5
47.Kb3 Ng5e6
48.c4 h5
{ resign }
0-1

[Event "Match"]
[Site "www.echecsemail.com"]
[Date "2015.11.05"]
[Round "1"]
[White "Julianlore"]
[Black "Jhw"]
[WhiteElo "2630"]
[BlackElo "1890"]
[Result "1-0"]
[Round "1"]
1.e4 c5
2.Ng1f3 Ng8f6
3.e5 Nf6d5
4.c3 g6
5.d4 cxd4
6.cxd4 e6
7.Bf1c4 Bf8b4
8.Bc1d2 Bb4xd2
9.Qd1xd2 Nb8c6
10.O-O Qd8a5
11.Qd2h6 Qa5b4
12.Bc4xd5 exd5
13.Qh6g7 Rh8f8
14.Nb1c3 Nc6xd4
15.Nf3xd4 Qb4xd4
16.Nc3b5 Qd4f4
17.Nb5c7 Ke7
18.Nc7xd5 { resign }
1-0

[Event "Match"]
[Site "www.echecsemail.com"]
[Date "2015.11.05"]
[Round "1"]
[White "Pablincho"]
[Black "Lino"]
[WhiteElo "1860"]
[BlackElo "1799"]
[Result "0-1"]
[Round "1"]
1.e4 c5
2.Ng1f3 Nb8c6
3.c4 e5
4.Nb1c3 d6
5.d3 g6
6.Bf1e2 Bf8g7
7.Nc3d5 Ng8e7
8.O-O O-O
9.Bc1g5 f6
10.Bg5h4 g5
11.Nf3xg5 fxg5
12.Bh4xg5 Qd8d7
13.f4 exf4
14.Bg5xf4 Ne7xd5
15.cxd5 Nc6d4
16.h3 Qd7e7
17.Be2g4 Bg7e5
18.Bf4h6 Rf8xf1
19.Qd1xf1 Bc8xg4
20.hxg4 Qe7h4
21.Bh6f4 Be5xf4
{ resign }
0-1

[Event "Match"]
[Site "www.echecsemail.com"]
[Date "2015.11.05"]
[Round "1"]
[White "Genius7"]
[Black "Fangshuo"]
[WhiteElo "1730"]
[BlackElo "2210"]
[Result "0-1"]
[Round "1"]
1.e4 e6
2.d4 d5
3.exd5 exd5
4.Bf1d3 c5
5.c3 c4
6.Bd3c2 Ng8f6
7.b3 Bf8d6
8.Ng1f3 Bc8g4
9.O-O O-O
10.bxc4 dxc4
11.h3 Bg4h5
12.Nb1d2 b5
13.a4 Nf6d5
14.Bc1b2 b4
15.Nd2e4 Nb8c6
16.Ne4xd6 Qd8xd6
17.cxb4 Nd5xb4
18.Bb2a3 Bh5xf3
19.Qd1xf3 Nc6xd4
20.Qf3d1 a5
21.Bc2e4 Ra8d8
22.Qd1h5 f5
23.Be4b1 Qd6c6
24.Qh5h4 Rf8e8
25.Ba3xb4 axb4
{ resign }
0-1

[Event "Match"]
[Site "www.echecsemail.com"]
[Date "2015.11.05"]
[Round "1"]
[White "Raven16"]
[Black "Nugun"]
[WhiteElo "1499"]
[BlackElo "1580"]
[Result "1-0"]
[Round "1"]
1.e4 c6
2.d4 d5
3.exd5 Ng8f6
4.dxc6 Nb8xc6
5.Ng1f3 Bc8f5
6.Bf1b5 Qd8b6
7.c4 O-O-O
8.Bc1e3 e5
9.d5 Qb6a5
10.Be3d2 Nc6b4
11.O-O Bf8c5
12.a3 Nf6e4
13.axb4 Qa5xa1
14.bxc5 Qa1xb2
15.c6 Ne4d6
16.cxb7 Nd6xb7
17.Bd2c3 Qb2a2
18.Nf3xe5 Bf5xb1
19.Qd1xb1 Qa2xb1
20.Rf1xb1 Rd8d6
21.Ne5xf7 a6
22.Nf7xd6 Nb7xd6
23.Bb5xa6 Kc7
24.c5 Nd6e4
25.Bc3e5 Kd7
26.Rb1b7 Ke8
27.Rb7b8 Kf7
28.Rb8xh8 Ne4xc5
29.Ba6c4 { resign }
1-0

[Event "Match"]
[Site "www.echecsemail.com"]
[Date "2015.11.05"]
[Round "1"]
[White "Drdoom"]
[Black "Vinvangogh"]
[WhiteElo "1740"]
[BlackElo "1480"]
[Result "1-0"]
[Round "1"]
1.e4 e5
2.Ng1f3 Nb8c6
3.d4 exd4
4.Nf3xd4 Ng8f6
5.Nd4xc6 dxc6
6.Qd1xd8 Kxd8
7.Bf1d3 Bf8c5
8.O-O Nf6g4
9.Bc1e3 Bc5xe3
10.fxe3 Ng4xe3
11.Rf1xf7 Rh8g8
12.Nb1d2 Bc8e6
13.Rf7f3 Ne3g4
14.c4 h5
15.Rf3f1 g5
16.Rf1e1 Kd7
17.h3 Ng4e5
18.Bd3e2 g4
19.Kh2 Ra8f8
20.Re1f1 Rf8e8
21.b3 h4
22.Rf1f4 g3
23.Kh1 Be6xh3
24.Rf4xh4 Rg8h8
25.Rh4xh3 Ne5g6
26.Ra1f1 Rh8xh3
27.gxh3 Ng6h4
28.Rf1g1 Re8g8
29.Be2g4 Kd6
30.Rg1xg3 Ke5
31.Rg3d3 Kf4
32.Kh2 b5
33.cxb5 cxb5
34.b4 Nh4g6
35.Rd3f3 Kg5
36.Rf3f5 Kh4
37.Nd2f3 { resign }
1-0

[Event "Match"]
[Site "www.echecsemail.com"]
[Date "2015.11.05"]
[Round "1"]
[White "Carlosto"]
[Black "Rocio"]
[WhiteElo "1520"]
[BlackElo "1939"]
[Result "0-1"]
[Round "1"]
1.d4 d5
2.Ng1f3 Nb8c6
3.Nb1c3 Bc8g4
4.e4 e6
5.e5 Bf8b4
6.a3 Bb4a5
7.Bf1d3 Nc6xd4
8.O-O Nd4xf3
9.gxf3 Bg4h3
10.Rf1e1 Ng8e7
11.f4 Ne7f5
12.Qd1h5 Qd8h4
13.Qh5xh4 Nf5xh4
14.Re1e3 Bh3f5
15.Re3h3 Bf5xh3
{ resign }
0-1

[Event "Match"]
[Site "www.echecsemail.com"]
[Date "2015.11.05"]
[Round "1"]
[White "Daviko"]
[Black "Wilddog"]
[WhiteElo "1490"]
[BlackElo "1400"]
[Result "0-1"]
[Round "1"]
1.e4 e5
2.Bf1c4 Ng8h6
3.Ng1f3 f5
4.exf5 Nh6xf5
5.Nf3xe5 d5
6.Bc4d3 Nb8a6
7.g4 Nf5h4
8.O-O Bf8c5
9.Rf1e1 Qd8f6
10.Ne5g6 Kf7
11.Ng6xh8 Kf8
12.Qd1e2 Bc8e6
13.Qe2xe6 Qf6xf2
14.Kh1 Qf2g2
{ resign }
0-1

[Event "Match"]
[Site "www.echecsemail.com"]
[Date "2015.11.05"]
[Round "1"]
[White "Gmscalpel"]
[Black "Genius7"]
[WhiteElo "2400"]
[BlackElo "1820"]
[Result "0-1"]
[Round "1"]
1.c4 e6
2.Ng1f3 d5
3.b3 c5
4.d4 Nb8c6
5.e3 Ng8f6
6.cxd5 exd5
7.a4 cxd4
8.Nf3xd4 Bf8b4
9.Bc1d2 Bb4xd2
10.Qd1xd2 Nc6xd4
11.Qd2xd4 O-O
12.h4 Bc8f5
13.Rh1h3 Bf5xh3
14.Bf1c4 dxc4
15.bxc4 Qd8xd4
16.exd4 Bh3xg2
17.f3 Bg2xf3
18.Kf2 Bf3e4
19.Ke3 Be4xb1
20.Ra1xb1 b6
21.c5 bxc5
22.dxc5 Ra8c8
23.Kf4 Rc8xc5
{ resign }
0-1

[Event "Match"]
[Site "www.echecsemail.com"]
[Date "2015.11.05"]
[Round "1"]
[White "Carlosto"]
[Black "Daviko"]
[WhiteElo "1500"]
[BlackElo "1440"]
[Result "0-1"]
[Round "1"]
1.d4 d5
2.Ng1f3 Ng8f6
3.Bc1g5 e6
4.Bg5xf6 Qd8xf6
5.Nf3e5 c5
6.e3 c4
7.c3 g6
8.Qd1a4 Nb8d7
9.Ne5g4 Qf6g5
10.h3 f5
11.f4 Qg5h4
12.Ng4f2 Bf8h6
13.Bf1e2 O-O
14.Nb1d2 a6
15.Rh1f1 b5
16.Qa4b4 Qh4g3
17.Qb4d6 Rf8f6
18.Qd6e7 Qg3xe3
19.Qe7e8 Rf6f8
20.Qe8e7 Bh6xf4
21.Ra1d1 Qe3g3
22.Qe7xe6 Kg7
23.Qe6xd5 Rf8e8
24.Qd5xa8 Re8xe2
25.Kxe2 Qg3e3
{ resign }
0-1

[Event "Match"]
[Site "www.echecsemail.com"]
[Date "2015.11.05"]
[Round "1"]
[White "Goosebumps"]
[Black "Gmscalpel"]
[WhiteElo "2060"]
[BlackElo "2400"]
[Result "1-0"]
[Round "1"]
1.e4 c5
2.Ng1f3 d6
3.Nb1c3 Ng8f6
4.d4 Nb8c6
5.dxc5 dxc5
6.Qd1xd8 Kxd8
7.Bf1c4 e6
8.a3 a6
9.Bc1e3 b5
10.Bc4d3 Bc8b7
11.Ra1d1 c4
12.Bd3xc4 Nf6d7
13.Bc4e2 h5
14.O-O f5
15.Nf3g5 Rh8h6
16.Ng5f7 Kc7
17.Nf7xh6 gxh6
18.exf5 exf5
19.Be2xh5 Nd7f6
20.Nc3d5 Nf6xd5
21.Rd1xd5 Nc6e5
22.Rd5xe5 Bf8d6
23.Re5xf5 Ra8e8
24.Bh5xe8 Kd8
25.Rf1d1 Kc7
26.Rf5f7 Kc8
27.Rd1xd6 { resign }
1-0

[Event "Fast Game"]
[Site "www.echecsemail.com"]
[Date "2015.11.05"]
[Round "1"]
[White "Hennie4820"]
[Black "Maredocla"]
[WhiteElo "1629"]
[BlackElo "1669"]
[Result "0-1"]
[Round "1"]
1.e4 c5
2.Ng1f3 Nb8c6
3.d4 cxd4
4.Nf3xd4 d6
5.c4 Ng8f6
6.Nb1c3 g6
7.Bf1e2 Bf8g7
8.Bc1e3 O-O
9.O-O a6
10.f3 h6
11.Qd1d2 Kh7
12.Ra1d1 Qd8c7
13.Nc3d5 Nf6xd5
14.cxd5 Nc6xd4
15.Be3xd4 Bg7xd4
16.Qd2xd4 Bc8d7
17.Rd1c1 Qc7a5
18.a3 Ra8c8
19.h3 Bd7b5
20.Be2xb5 Qa5xb5
21.Kh2 Rc8c5
22.Rc1xc5 Qb5xc5
23.Qd4xc5 dxc5
24.Rf1c1 b6
25.Rc1c2 h5
26.Kg3 g5
27.Rc2d2 Rf8d8
28.f4 gxf4
29.Kxf4 Kg6
30.e5 f6
31.d6 Kf7
32.exf6 exd6
33.Kg5 d5
34.Kxh5 Rd8d6
35.g4 Kxf6
36.g5 Kg7
37.Kg4 Kg6
38.h4 d4
39.h5 Kg7
40.b3 b5
41.Kf4 Rd6d5
42.Rd2d1 a5
43.Rd1d2 a4
44.bxa4 bxa4
45.Rd2d1 c4
46.Ke4 Rd5xg5
47.Rd1xd4 Rg5c5
48.Rd4d5 Rc5xd5
49.Kxd5 c3
{ resign }
0-1

[Event "Tourn. n8433"]
[Site "www.chess-mail.com"]
[Date "2015.11.06"]
[Round "1"]
[White "Ffdd65"]
[Black "Maredocla"]
[WhiteElo "2190"]
[BlackElo "2050"]
[Result "1/2-1/2"]
[Round "1"]
1.e4 c5
2.Bf1c4 Nb8c6
3.Qd1f3 Nc6e5
4.Qf3b3 Ne5xc4
5.Qb3xc4 e5
6.Ng1f3 d6
7.d3 h6
8.Qc4b5 Qd8d7
9.Nb1c3 Ng8f6
10.h3 a6
11.Qb5xd7 Bc8xd7
12.Nc3d5 Nf6xd5
13.exd5 b5
14.c4 g6
15.O-O Bf8g7
16.Ra1b1 Bd7f5
17.Rf1d1 bxc4
18.Nf3e1 Ra8b8
19.g4 Bf5xd3
20.Ne1xd3 cxd3
21.Rd1xd3 O-O
22.b3 c4
23.Rd3c3 cxb3
24.Rb1xb3 Rb8xb3
25.Rc3xb3 Rf8c8
26.Bc1a3 Bg7f8
27.Rb3b6 Rc8c2
28.Rb6xa6 Rc2xa2
29.Ra6a8 Kg7
30.Ra8a6 f5
31.Ra6a5 f4
32.Ba3b4 Ra2b2
33.Bb4e1 Kf6
34.f3 Bf8e7
35.Ra5a1 h5
36.Ra1d1 Be7d8
37.gxh5 Bd8b6
38.Kh1 gxh5
39.Be1c3 Rb2f2
40.Rd1d3 Bb6e3
41.Bc3b4 Ke7
42.Rd3c3 Be3c5
43.Rc3xc5 Rf2xf3
44.Rc5c6 Rf3xh3
45.Kg2 Rh3g3
46.Kf2 Rg3g6
47.Rc6c7 Kd8
48.Rc7h7 Kc8
49.Rh7xh5 Kb7
50.Rh5h7 Kc8
51.Bb4a5 e4
52.Rh7c7 Kb8
53.Rc7f7 Rg6g5
54.Ba5c7 Kc8
55.Bc7xd6 Rg5xd5
56.Bd6xf4 Rd5d3
57.Bf4e3 Rd3b3
{ draw }
1/2-1/2

[Event "Tourn. n8452"]
[Site "www.chess-mail.com"]
[Date "2015.11.06"]
[Round "1"]
[White "Maredocla"]
[Black "Umzi"]
[WhiteElo "2010"]
[BlackElo "2130"]
[Result "1-0"]
[Round "1"]
1.g3 d5
2.e3 e5
3.Ng1e2 c6
4.Bf1g2 Ng8f6
5.d3 Bc8e6
6.b3 Qd8d7
7.Bc1b2 Bf8d6
8.Nb1d2 O-O
9.O-O Be6h3
10.Nd2f3 Bh3xg2
11.Kxg2 Nf6g4
12.h3 Ng4h6
13.Nf3xe5 Qd7e7
14.Ne5f3 Nb8d7
15.Ne2f4 Ra8e8
16.Qd1c1 b5
17.Nf3h2 Nh6f5
18.Nh2g4 b4
19.Rf1e1 Qe7g5
20.Qc1d1 h5
21.Ng4h2 h4
22.g4 Nf5h6
23.Nh2f3 Qg5d8
24.Nf4h5 g6
25.Nh5f4 Bd6xf4
26.exf4 Qd8c7
27.Qd1d2 Qc7d8
28.f5 Kh7
29.fxg6 fxg6
30.Nf3g5 Kg8
31.Ng5e6 { resign }
1-0

[Event "Tourn. n8394"]
[Site "www.chess-mail.com"]
[Date "2015.11.06"]
[Round "1"]
[White "Pipas"]
[Black "Coraza"]
[WhiteElo "1680"]
[BlackElo "1710"]
[Result "0-1"]
[Round "1"]
1.e4 e5
2.Bf1c4 Ng8f6
3.Nb1c3 Bf8c5
4.Nc3d5 d6
5.Qd1f3 Bc8g4
6.Nd5xf6 gxf6
7.Qf3xg4 h5
8.Qg4g7 Rh8f8
9.g4 Ke7
10.g5 fxg5
11.Qg7xg5 f6
12.Qg5f5 Ke8
13.Qf5xh5 Kd7
14.d4 Bc5xd4
15.Qh5f5 Ke8
16.Qf5e6 Qd8e7
17.Qe6c8 Qe7d8
 { time }
0-1

[Event "Tourn. n8449"]
[Site "www.chess-mail.com"]
[Date "2015.11.06"]
[Round "1"]
[White "Scasan55"]
[Black "Bojan"]
[WhiteElo "2120"]
[BlackElo "2100"]
[Result "1-0"]
[Round "1"]
1.e4 e5
2.Ng1f3 Nb8c6
3.Bf1c4 h6
4.O-O d6
5.h3 Ng8f6
6.d3 Nf6h7
7.c3 Bc8d7
8.Qd1b3 Nc6a5
9.Qb3c2 Na5xc4
10.dxc4 Qd8f6
11.Nb1d2 Bf8e7
12.Nf3h2 Qf6g6
13.Kh1 Nh7g5
14.f4 Ng5xh3
15.f5 Qg6g3
16.gxh3 Qg3xh3
17.Rf1f3 Qh3h4
18.Qc2d3 O-O
19.Nd2f1 Kh7
20.Bc1d2 Qh4f6
21.Nf1e3 a6
22.Ne3d5 Qf6h4
23.Ra1g1 g6
24.Rf3h3 Qh4f2
25.Bd2xh6 { resign }
1-0

[Event "Tourn. n8422"]
[Site "www.chess-mail.com"]
[Date "2015.11.06"]
[Round "1"]
[White "Rons"]
[Black "Aperturaf"]
[WhiteElo "2550"]
[BlackElo "2390"]
[Result "1-0"]
[Round "1"]
1.e4 e6
2.d4 d5
3.Nb1c3 Ng8f6
4.Bc1g5 dxe4
5.Nc3xe4 Bf8e7
6.Bg5xf6 Be7xf6
7.Ng1f3 Nb8d7
8.Qd1d2 O-O
9.O-O-O b6
10.Bf1d3 Bc8b7
11.h4 Bf6e7
12.Ne4g5 h6
13.Bd3h7 Kh8
14.Bh7e4 Qd8b8
15.Qd2e3 Nd7f6
16.Nf3e5 Nf6xe4
17.Ng5xe4 Qb8d8
18.Kb1 Kg8
19.h5 Qd8d5
20.Rh1e1 Ra8d8
21.f3 Qd5b5
22.g4 c5
23.dxc5 f5
24.Ne4d6 Be7xd6
25.cxd6 fxg4
26.fxg4 Qb5b4
27.Rd1d4 Qb4c5
28.b4 Qc5b5
29.g5 { resign }
1-0